Kitabistans new millennium : (Record no. 352648)
[ view plain ]
| 000 -LEADER | |
|---|---|
| fixed length control field | 00652 a2200193 4500 |
| 003 - CONTROL NUMBER IDENTIFIER | |
| control field | OSt |
| 005 - DATE AND TIME OF LATEST TRANSACTION | |
| control field | 20180116192341.0 |
| 008 - FIXED-LENGTH DATA ELEMENTS--GENERAL INFORMATION | |
| fixed length control field | 120208t xxu||||| |||| 00| 0 eng d |
| 040 ## - CATALOGING SOURCE | |
| Transcribing agency | 0 |
| 082 ## - DEWEY DECIMAL CLASSIFICATION NUMBER | |
| Classification number | 491.4393 |
| 100 1# - MAIN ENTRY--PERSONAL NAME | |
| Personal name | Bashir. A. Qureshi. |
| 245 10 - TITLE STATEMENT | |
| Title | Kitabistans new millennium : |
| Remainder of title | Standard Dictionary / |
| Statement of responsibility, etc. | Bashir. A. Qureshi. |
| 260 ## - PUBLICATION, DISTRIBUTION, ETC. | |
| Place of publication, distribution, etc. | Lahore : |
| Name of publisher, distributor, etc. | Ferozsons Ltd, |
| Date of publication, distribution, etc. | 1988. |
| 300 ## - PHYSICAL DESCRIPTION | |
| Extent | 831 p. ; |
| Dimensions | 23 cm. |
| 650 0# - SUBJECT ADDED ENTRY--TOPICAL TERM | |
| Topical term or geographic name entry element | Urdu language |
| 856 40 - ELECTRONIC LOCATION AND ACCESS | |
| Materials specified | Amazon.com |
| Uniform Resource Identifier | <a href="http://www.amazon.com/exec/obidos/ASIN/9690005081/chopaconline-20">http://www.amazon.com/exec/obidos/ASIN/9690005081/chopaconline-20</a> |
| 942 ## - ADDED ENTRY ELEMENTS (KOHA) | |
| Institution code [OBSOLETE] | SADA |
| Koha item type | Reference |
| Call number prefix | 491.4393 BAS 1988 |
| Source of classification or shelving scheme | |
| Withdrawn status | Lost status | Source of classification or shelving scheme | Damaged status | Not for loan | Permanent Location | Current Location | Date acquired | Total Checkouts | Full call number | Barcode | Date last seen | Cost, replacement price | Price effective from | Koha item type |
|---|---|---|---|---|---|---|---|---|---|---|---|---|---|---|
| School of Art Design and Architecture (SADA) | School of Art Design and Architecture (SADA) | 08/05/2010 | 491.4393 BAS 1988 | SADA0000024 | 08/05/2011 | 520.00 | 08/05/2011 | Reference |
